LEADER 02062nam 2200589 a 450 001 9910463057403321 005 20200520144314.0 010 $a1-58528-285-5 035 $a(CKB)2670000000347030 035 $a(EBL)3115729 035 $a(SSID)ssj0000781755 035 $a(PQKBManifestationID)11475997 035 $a(PQKBTitleCode)TC0000781755 035 $a(PQKBWorkID)10739203 035 $a(PQKB)10142748 035 $a(MiAaPQ)EBC3115729 035 $a(Au-PeEL)EBL3115729 035 $a(CaPaEBR)ebr10739954 035 $a(OCoLC)922966200 035 $a(EXLCZ)992670000000347030 100 $a20030429d2002 uy 0 101 0 $aeng 135 $aur|n|---||||| 181 $ctxt 182 $cc 183 $acr 200 14$aThe conscience of a pharmacist$b[electronic resource] $eessays on vision and leadership for a profession /$fWillaim A. Zellmer 210 $aBethesda, Md. $cAmerican Society of Health-System Pharmacists$dc2002 215 $a1 online resource (208 p.) 300 $a"This collection is made possible through a grant from Cardinal Health." 311 $a1-58528-030-5 320 $aIncludes bibliographical references and index. 327 $a""Front Cover ""; ""Contents""; ""Foreword""; ""Introduction""; ""Acknowledgement""; ""1 ""; ""2""; ""3""; ""4""; ""5""; ""6""; ""7""; ""8""; ""9""; ""10""; ""11""; ""12""; ""13""; ""14""; ""15""; ""16""; ""Index"" 606 $aPharmacists$xPractice 606 $aPharmaceutical services 606 $aPharmacist and patient 606 $aLeadership 608 $aElectronic books. 615 0$aPharmacists$xPractice. 615 0$aPharmaceutical services. 615 0$aPharmacist and patient. 615 0$aLeadership. 676 $a362.1/782 700 $aZellmer$b William A$0882370 712 02$aAmerican Society of Health-System Pharmacists. 801 0$bMiAaPQ 801 1$bMiAaPQ 801 2$bMiAaPQ 906 $aBOOK 912 $a9910463057403321 996 $aThe conscience of a pharmacist$91970903 997 $aUNINA LEADER 02829 am 22006373u 450 001 996540352403316 005 20230621141341.0 010 $a9783495861158$b(PDF ebook) 010 $z9783495487280 035 $a(CKB)3880000000044177 035 $a(OCoLC)958548204 035 $a(oapen)https://directory.doabooks.org/handle/20.500.12854/30972 035 $a(EXLCZ)993880000000044177 100 $a20161219d2016 uy 0 101 0 $ager 135 $aurmn#nnn||||| 181 $ctxt$2rdacontent 182 $cc$2rdamedia 183 $acr$2rdacarrier 200 00$aDilthey als Wissenschaftsphilosoph$fChristian Dambo?ck, Hans-Ulrich Lessing (Hg.) 210 $aFreiburg$cVerlag Karl Alber$d2016 210 1$aFreiburg :$cVerlag Karl Alber,$d2016. 215 $a1 online resource (250 pages) 225 0 $aOpen Access e-Books 225 0 $aKnowledge Unlatched 300 $aProceedings of a conference held June 2013 at the University of Vienna. 311 08$aPrint version: 9783495487280 320 $aIncludes bibliographical references. 330 $aDieser Band vereinigt die Beitra?ge einer im Juni 2013 am Institut Wiener Kreis der Universita?t Wien stattgefundenen Tagung, deren Ziel es gewesen ist, die Rolle Diltheys als Wissenschaftsphilosoph zu beleuchten, vor dem Hintergrund der in den letzten Jahrzehnten in der Dilthey-Forschung erarbeiteten Befunde, die Dilthey tendenziell von dem Bild einer rein "kontinentalen" Philosophie der Hermeneutik des Lebens weg geru?ckt haben. 330 $aThis volume contains the contributions to a conference at the Institute Vienna Circle of the University of Vienna in June 2013 that aimed at examining Dilthey's work as a philosopher of science in the light of the results of the last decades' Dilthey research that have moved him further away from the idea of a merely "continental" philosophy of the hermeneutics of life. 606 $aHermeneutics$vCongresses 606 $aScience$xPhilosophy$vCongresses 606 $aHumanities$xPhilosophy$vCongresses 610 $aDilthey 610 $aPhilosophy of Science 610 $a19th century philosophy 610 $aWissenschaftsphilosophie 610 $aPhilosophie des 19. Jahrhunderts 610 $aGeisteswissenschaft 610 $aImmanuel Kant 610 $aMetaphysik 610 $aNaturwissenschaft 610 $aWilhelm Dilthey 615 0$aHermeneutics 615 0$aScience$xPhilosophy 615 0$aHumanities$xPhilosophy 676 $a100 700 $aDamböck$b Christian$4auth$0978318 702 $aDambo?ck$b Christian 702 $aLessing$b Hans-Ulrich$f1953-, 801 0$bAuAdUSA 801 1$bAuAdUSA 801 2$bUkMaJRU 912 $a996540352403316 996 $aDilthey als Wissenschaftsphilosoph$93402954 997 $aUNISA